Gemeinden Bezirk Oberaargau - Statistiken

Allgemein
  • Dieses Quiz wurde 141 mal gespielt
  • Das Durchschnittsergebnis liegt bei 19 aus 43
Antwortstatistiken
Einwohner Antwort % Korrekt
5185 Niederbipp
92%
7291 Herzogenbuchsee
85%
15838 Langenthal
85%
5069 Huttwil
77%
1826 Oberbipp
77%
1482 Melchnau
69%
4250 Roggwil
69%
2796 Wangen
69%
4793 Aarwangen
62%
696 Inkwil
62%
2672 Lotzwil
62%
866 Ursenbach
62%
47 Berken
54%
334 Graben
54%
1769 Niederönz
54%
1572 Rohrbach
54%
3335 Madiswil
46%
384 Rohrbachgraben
46%
3459 Thunstetten
46%
1676 Wynau
46%
696 Bannwil
38%
679 Bettenhausen
38%
1178 Heimenhausen
38%
536 Ochlenberg
38%
171 Reisiswil
38%
615 Walliswil
38%
226 Walliswil
38%
1549 Attiswil
31%
748 Bleienbach
31%
1356 Eriswil
31%
228 Farnern
31%
571 Rütschelen
31%
533 Schwarzhäusern
31%
1599 Seeberg
31%
1196 Thörigen
31%
458 Auswil
23%
173 Busswil
23%
738 Gondiswil
23%
510 Rumisberg
23%
526 Walterswil
23%
2550 Wiedlisbach
23%
223 Oeschenbach
15%
1105 Wyssachen
8%
Keine übereinstimmenden Quizze gefunden
Verteilung der Resultate
Anzahl Personen mit jedem Resultat
Perzentil nach korrekt beantworteten Fragen
Ihre Resultats-Entwicklung
Sie haben dieses Quiz noch nicht gespielt